000 00335nam a2200145Ia 4500
008 191206s9999 xx 000 0 und d
020 _a3546002369
090 _aPT2671.N327
245 0 _aEvas Cousine: Roman
250 _a2. Aufl.
260 _aClaassen
260 _cc2000
300 _a366 p. ; 22 cm.
999 _c15934
_d15934